Normal view
MARC view
- Duncan, Charles A.
Entry Personal Name
001 - CONTROL NUMBER
- control field: 66924
003 - CONTROL NUMBER IDENTIFIER
- control field: OSt
005 - DATE AND TIME OF LATEST TRANSACTION
- control field: 20250815183723.0
008 - FIXED-LENGTH DATA ELEMENTS
- fixed length control field: 250815|| aca||aabn | a|a d
040 ## - CATALOGING SOURCE
- Original cataloging agency: OSt
100 ## - HEADING--PERSONAL NAME
- Personal name: Duncan, Charles A.
- Relator term: author.
